[Event "Roncana op-A 13th"]
[Site "Santa Eulalia de Roncana"]
[Date "2019.11.16"]
[Round "7"]
[White "Barea Serra, Josep"]
[Black "Castillo Martinez, Aran"]
[Result "0-1"]
[WhiteElo "1638"]
[BlackElo "1743"]
[PlyCount "108"]
[EventDate "2019.09.28"]
[EventType "swiss"]
[EventRounds "8"]
[EventCountry "ESP"]
[SourceTitle "CBM 193 Extra"]
[Source "ChessBase"]
[SourceDate "2020.01.31"]
[SourceVersion "1"]
[SourceVersionDate "2020.01.31"]
[SourceQuality "1"]

1. Nf3 d5 2. b3 Nf6 3. Bb2 g6 4. e3 Bg7 5. c4 0-0 6. d4 b6 7. Be2 Bb7 8. Nc3 e6 9. 0-0 c5 10. Ne5 Nfd7 11. f4 Nxe5 12. dxe5 Nc6 13. cxd5 exd5 14. Nxd5 Ne7 15. Nxe7+ Qxe7 16. Bf3 Rad8 17. Qe2 Bxf3 18. Rxf3 Rd7 19. Rff1 Rfd8 20. Rfd1 Qe6 21. Kf1 Qc6 22. Rxd7 Rxd7 23. Rd1 Rxd1+ 24. Qxd1 Qe4 25. Kf2 h5 26. Qf3 Qb1 27. Qe2 Qxa2 28. Qc2 b5 29. Kf3 c4 30. bxc4 bxc4 31. Qc3 Qb3 32. Qxb3 cxb3 33. Ke4 a5 34. Kd3 a4 35. Kc4 Bf8 36. Ba1 Ba3 37. Kc3 Bc1 38. g3 Bxe3 39. Bb2 Bg1 40. h3 Bh2 41. Kb4 Bxg3 42. Kxa4 Bxf4 43. Kxb3 g5 44. Kc4 g4 45. hxg4 h4 46. Bd4 h3 47. Bg1 Bxe5 48. Kd5 h2 49. Bxh2 Bxh2 50. Ke4 Kg7 51. Kf5 Bg1 52. g5 Be3 53. Kg4 Kg6 54. Kf3 Bxg5 0-1

[Event "ESP-ch U18"]
[Site "Salobrena"]
[Date "2019.07.23"]
[Round "3"]
[White "Castillo Martinez, Aran"]
[Black "Wang Qiu, Laura"]
[Result "1/2-1/2"]
[WhiteElo "1968"]
[BlackElo "1647"]
[PlyCount "144"]
[EventDate "2019.07.22"]
[EventType "swiss"]
[EventRounds "9"]
[EventCountry "ESP"]
[SourceTitle "CBM 191 Extra"]
[Source "ChessBase"]
[SourceDate "2019.09.30"]
[SourceVersion "1"]
[SourceVersionDate "2019.09.30"]
[SourceQuality "1"]

1. d4 Nf6 2. Nf3 g6 3. g3 Bg7 4. Bg2 0-0 5. 0-0 d6 6. a4 Nbd7 7. a5 Ne4 8. Nfd2 Nxd2 9. Nxd2 Bxd4 10. Nb3 Bg7 11. a6 Rb8 12. Na5 c6 13. axb7 Bxb7 14. Bxc6 Bc8 15. c3 Ne5 16. Bg2 Be6 17. Kh1 Rb5 18. Nc6 Nxc6 19. Bxc6 Rc5 20. Bg2 a5 21. e4 d5 22. Be3 Rb5 23. exd5 Bxd5 24. Bxd5 Rxd5 25. Qb3 Qa8 26. Kg1 Rb8 27. Qa3 Qb7 28. Rfb1 Rb5 29. Ra2 Rb3 30. Qxa5 Bxc3 31. Qa7 Qe4 32. Rd1 Bf6 33. Bf4 e5 34. Bh6 R3b7 35. Qa6 Bg7 36. Bxg7 Kxg7 37. Qa5 Rxb2 38. Rxb2 Rxb2 39. Re1 Re2 40. Rxe2 Qxe2 41. Qc3 Qd1+ 42. Kg2 Qd5+ 43. Kg1 Kf6 44. Qb2 Kg5 45. Qc1+ Kg4 46. Qf1 Qf3 47. h3+ Kf5 48. Qc4 Kf6 49. Qh4+ Kg7 50. Qc4 Qd1+ 51. Kg2 Qd7 52. Qc3 f6 53. Qc4 Qb7+ 54. Kg1 e4 55. Qd4 Qe7 56. Qe3 f5 57. Qd4+ Qf6 58. Qd7+ Kh6 59. Qd2+ g5 60. Qe3 Kg6 61. Kg2 Qe5 62. Qb6+ Kf7 63. Qb7+ Qe7 64. Qd5+ Kf6 65. Qd4+ Ke6 66. Qc4+ Kf6 67. Qd4+ Qe5 68. Qd8+ Qe7 69. Qd4+ Kf7 70. Qd5+ Qe6 71. Qb7+ Qe7 72. Qd5+ Kf6 1/2-1/2

[Event "Mem Vinas 15th A"]
[Site "Mataro"]
[Date "2019.06.22"]
[Round "7.7"]
[White "Castillo Martinez, Aran"]
[Black "Salvans Serra, Arnau"]
[Result "0-1"]
[WhiteElo "1968"]
[BlackElo "1853"]
[PlyCount "48"]
[EventDate "2019.05.04"]
[EventType "swiss"]
[EventRounds "8"]
[EventCountry "ESP"]
[SourceTitle "EXT 2024"]
[Source "ChessBase"]
[SourceDate "2023.10.10"]
[SourceVersion "1"]
[SourceVersionDate "2023.10.10"]
[SourceQuality "1"]

1. d4 d5 2. Nf3 Nf6 3. e3 Bf5 4. b3 e6 5. Bb2 Nbd7 6. Nbd2 Bd6 7. Bd3 Ne4 8. 0-0 c6 9. Ne5 Qc7 10. f4 h5 11. Nxe4 dxe4 12. Be2 Nf6 13. h3 h4 14. c4 0-0-0 15. a3 g5 16. d5 gxf4 17. Nxc6 bxc6 18. Bxf6 Rhg8 19. Bxd8 Qxd8 20. Bg4 Bxg4 21. hxg4 h3 22. exf4 Bc5+ 23. Rf2 Qh4 24. Raa2 Bxf2+ 0-1

[Event "Mataro Vinas Memorial 14th"]
[Site "Mataro"]
[Date "2018.06.02"]
[Round "8"]
[White "Gomez Jurado, Luis Alberto"]
[Black "Castillo Martinez, Aran"]
[Result "1/2-1/2"]
[WhiteElo "2242"]
[BlackElo "1811"]
[PlyCount "95"]
[EventDate "2018.04.07"]
[EventType "swiss"]
[EventRounds "9"]
[EventCountry "ESP"]
[SourceTitle "EXT 2019"]
[Source "ChessBase"]
[SourceDate "2018.10.10"]
[SourceVersion "1"]
[SourceVersionDate "2018.10.10"]
[SourceQuality "1"]

1. c4 c5 2. g3 g6 3. Nc3 Nc6 4. Nf3 Bg7 5. Bg2 d6 6. d3 e5 7. Nd2 Nge7 8. Nf1 Be6 9. Ne3 Rb8 10. a3 0-0 11. Ned5 a6 12. 0-0 b5 13. b4 cxb4 14. axb4 Bxd5 15. Nxd5 Nxd5 16. cxd5 Nxb4 17. Bd2 a5 18. e4 Ra8 19. Qb3 Qb6 20. Bxb4 axb4 21. Qxb4 Rxa1 22. Rxa1 Rc8 23. Ra2 Qc5 24. Rb2 Qxb4 25. Rxb4 Rb8 26. Bh3 Bh6 27. Bd7 Bd2 28. Rxb5 Rxb5 29. Bxb5 g5 30. Kg2 f6 31. Kf3 Kf7 32. Kg4 Bc1 33. h3 Bd2 34. h4 gxh4 35. gxh4 Ke7 36. Ba6 Kf7 37. Bc8 Be1 38. Kf5 Bd2 39. h5 Bc1 40. Ba6 Bd2 41. d4 Bc3 42. dxe5 fxe5 43. Bc8 Bd2 44. Be6+ Ke7 45. Bg8 h6 46. Bh7 Bc1 47. Bg6 Bd2 48. f3 1/2-1/2

[Event "Mataro Vinas Memorial 14th"]
[Site "Mataro"]
[Date "2018.04.21"]
[Round "3"]
[White "Vidarte Morales, Arturo"]
[Black "Castillo Martinez, Aran"]
[Result "1-0"]
[WhiteElo "2369"]
[BlackElo "1811"]
[PlyCount "67"]
[EventDate "2018.04.07"]
[EventType "swiss"]
[EventRounds "9"]
[EventCountry "ESP"]
[SourceTitle "EXT 2019"]
[Source "ChessBase"]
[SourceDate "2018.10.10"]
[SourceVersion "1"]
[SourceVersionDate "2018.10.10"]
[SourceQuality "1"]

1. c4 c5 2. Nf3 Nc6 3. Nc3 g6 4. e3 e5 5. d4 cxd4 6. exd4 Qe7 7. Be2 d6 8. 0-0 Nf6 9. Re1 exd4 10. Nxd4 Nxd4 11. Qxd4 Bg7 12. Nd5 Nxd5 13. Qxg7 Qf6 14. Bf3+ Be6 15. Bh6 Qxg7 16. Bxg7 Rg8 17. cxd5 Rxg7 18. dxe6 f5 19. Rac1 Re7 20. Bd5 Kd8 21. f4 Rc8 22. Rxc8+ Kxc8 23. Kf2 Kc7 24. Rc1+ Kb8 25. Ke3 h6 26. Kd4 g5 27. fxg5 hxg5 28. Rf1 f4 29. h4 Kc7 30. hxg5 Rg7 31. Rxf4 Rxg5 32. Rf7+ Kd8 33. Rxb7 Rg4+ 34. Be4 1-0

[Event "EU-ch blitz"]
[Site "Katowice"]
[Date "2017.12.15"]
[Round "2"]
[White "Kuzmicz, Karol"]
[Black "Castillo Martinez, Aran"]
[Result "1-0"]
[WhiteElo "2460"]
[BlackElo "1755"]
[PlyCount "107"]
[EventDate "2017.12.15"]
[EventType "swiss (blitz)"]
[EventRounds "22"]
[EventCountry "POL"]
[SourceTitle "CBM 182 Extra"]
[Source "ChessBase"]
[SourceDate "2018.02.23"]
[SourceVersion "1"]
[SourceVersionDate "2018.02.23"]
[SourceQuality "1"]

1. e4 e5 2. Nf3 Nc6 3. d4 exd4 4. Bc4 Nf6 5. e5 d5 6. Bb5 Ng4 7. h3 Nh6 8. Bxh6 gxh6 9. Nxd4 Bd7 10. Bxc6 Bxc6 11. Nxc6 bxc6 12. 0-0 Rg8 13. Qf3 Qg5 14. Nc3 0-0-0 15. Rfe1 Re8 16. Re2 Re6 17. Rae1 Reg6 18. g3 Bb4 19. a3 Bxc3 20. Qxc3 Qf5 21. Kg2 h5 22. Qf3 Qe6 23. h4 Rg4 24. Kh2 Rc4 25. b3 Rcg4 26. Qf6 R4g6 27. Qxe6+ fxe6 28. Re3 d4 29. Re4 c5 30. Rd1 Kd7 31. c3 Rg4 32. Rxg4 Rxg4 33. f4 Ke7 34. cxd4 cxd4 35. Rxd4 Rg8 36. Kg2 Rb8 37. b4 Rb6 38. Kf3 Ra6 39. Rd3 Rc6 40. Ke4 Rc4+ 41. Ke3 Rc1 42. Kd4 h6 43. Rc3 Rg1 44. Rxc7+ Kf8 45. Rc3 Rd1+ 46. Kc5 Rd5+ 47. Kc6 Rd1 48. a4 a5 49. bxa5 Ra1 50. Rb3 Rxa4 51. Kb6 Rc4 52. a6 Rc8 53. a7 Ra8 54. Kb7 1-0

[Event "Maresme op 14th"]
[Site "Maresme"]
[Date "2017.10.21"]
[Round "3"]
[White "Puig Vila, Esteve"]
[Black "Castillo Martinez, Aran"]
[Result "0-1"]
[WhiteElo "1549"]
[BlackElo "1755"]
[PlyCount "88"]
[EventDate "2017.09.30"]
[EventType "swiss"]
[EventRounds "9"]
[EventCountry "ESP"]
[SourceTitle "CBM 181 Extra"]
[Source "ChessBase"]
[SourceDate "2017.12.12"]
[SourceVersion "1"]
[SourceVersionDate "2017.12.12"]
[SourceQuality "1"]

1. e4 e5 2. Nf3 Nc6 3. d4 exd4 4. Nxd4 Nf6 5. Nxc6 bxc6 6. Bd3 d5 7. exd5 cxd5 8. 0-0 Be7 9. Bg5 0-0 10. c3 Be6 11. Qc2 h6 12. Bh4 c5 13. Nd2 Qb6 14. Kh1 Rab8 15. Rab1 Rfc8 16. b3 Qc7 17. Bg3 Bd6 18. Bxd6 Qxd6 19. Be2 Ng4 20. g3 Ne5 21. Nf3 Bh3 22. Rfe1 Re8 23. Nxe5 Rxe5 24. Bf3 Bf5 25. Qd2 Bxb1 26. Rxb1 Rbe8 27. Kg2 d4 28. cxd4 cxd4 29. Rd1 Rd8 30. Be2 d3 31. Bf3 Rc5 32. Qe3 Qd4 33. Qe4 Qxe4 34. Bxe4 d2 35. Bf3 Rc1 36. Kf1 Rxd1+ 37. Bxd1 Re8 38. Be2 Kf8 39. a3 Ke7 40. b4 Kd6 41. f3 Kd5 42. a4 Kd4 43. b5 Kc3 44. a5 Kc2 0-1

[Event "Llinars del Valles op 11th B"]
[Site "Llinars del Valles"]
[Date "2017.06.03"]
[Round "7.1"]
[White "Castillo Martinez, Aran"]
[Black "Alcala Gonzalez, Cesar"]
[Result "0-1"]
[WhiteElo "1682"]
[BlackElo "1617"]
[PlyCount "72"]
[EventDate "2017.04.22"]
[EventType "swiss"]
[EventRounds "9"]
[EventCountry "ESP"]
[SourceTitle "EXT 2024"]
[Source "ChessBase"]
[SourceDate "2023.10.10"]
[SourceVersion "1"]
[SourceVersionDate "2023.10.10"]
[SourceQuality "1"]

1. d4 f5 2. g3 Nf6 3. Bg2 g6 4. c4 Bg7 5. Nc3 0-0 6. Nf3 d6 7. 0-0 Qe8 8. d5 Na6 9. Nd2 Bd7 10. Re1 Nc5 11. Rb1 a5 12. e4 Nd3 13. Re3 Nxc1 14. Rxc1 Ng4 15. Re2 Bd4 16. Nf3 Bb6 17. Nd4 Ne5 18. b3 fxe4 19. Rxe4 Bf5 20. Nxf5 Rxf5 21. Rc2 Qf7 22. Ree2 Rf8 23. Ne4 g5 24. h3 h5 25. Qd2 Qg6 26. c5 dxc5 27. Nxc5 Bxc5 28. Rxc5 Qb6 29. Rc2 h4 30. Be4 hxg3 31. Kg2 Rxf2+ 32. Kxg3 R2f4 33. Kg2 g4 34. Bh7+ Kxh7 35. Rxe5 gxh3+ 36. Kxh3 Qh6+ 0-1

[Event "Llinars del Valles op 11th B"]
[Site "Llinars del Valles"]
[Date "2017.04.29"]
[Round "2.3"]
[White "Castillo Martinez, Aran"]
[Black "Egea Pascual, Guillem"]
[Result "1/2-1/2"]
[WhiteElo "1682"]
[BlackElo "1460"]
[PlyCount "81"]
[EventDate "2017.04.22"]
[EventType "swiss"]
[EventRounds "9"]
[EventCountry "ESP"]
[SourceTitle "EXT 2024"]
[Source "ChessBase"]
[SourceDate "2023.10.10"]
[SourceVersion "1"]
[SourceVersionDate "2023.10.10"]
[SourceQuality "1"]

1. d4 d5 2. Nf3 Nf6 3. e3 Nc6 4. b3 Bg4 5. Be2 e6 6. Bb2 Bd6 7. Nbd2 0-0 8. 0-0 Re8 9. Ne5 Bxe2 10. Qxe2 Bxe5 11. dxe5 Nd7 12. f4 Ne7 13. Rf3 c5 14. Rh3 g6 15. Qf2 h5 16. e4 Nb6 17. Qf3 Kg7 18. g4 hxg4 19. Qxg4 Rh8 20. Rd3 Nc6 21. exd5 exd5 22. e6+ d4 23. Nf3 a5 24. Qg3 Qd6 25. c3 Qxe6 26. Rc1 Qf6 27. cxd4 Rhe8 28. Rb1 Re2 29. Ne5 Rd8 30. dxc5 Rxd3 31. Qxd3 Rxb2 32. Rxb2 Nxe5 33. fxe5 Qg5+ 34. Rg2 Qc1+ 35. Qf1 Qxc5+ 36. Kh1 Qxe5 37. Qg1 Qe4 38. Qa1+ Kf8 39. Qc1 Nd5 40. Qc4 Qxg2+ 41. Kxg2 1/2-1/2

[Event "Roncana op-A 10th"]
[Site "Santa Eulalia de Roncana"]
[Date "2016.10.08"]
[Round "3"]
[White "Castillo Martinez, Aran"]
[Black "Costa Trave, Jaume"]
[Result "0-1"]
[WhiteElo "1468"]
[BlackElo "1917"]
[PlyCount "111"]
[EventDate "2016.09.24"]
[EventType "swiss"]
[EventRounds "8"]
[EventCountry "ESP"]
[SourceTitle "EXT 2018"]
[Source "ChessBase"]
[SourceDate "2017.10.13"]
[SourceVersion "1"]
[SourceVersionDate "2017.10.13"]
[SourceQuality "1"]

1. e4 c5 2. d3 e6 3. g3 Be7 4. Bg2 b6 5. f4 Bb7 6. Nf3 Nc6 7. 0-0 h5 8. Be3 h4 9. Bf2 hxg3 10. Bxg3 f6 11. f5 e5 12. c3 Qc7 13. Na3 a6 14. Nc4 b5 15. Ne3 Nd8 16. Nh4 Bd6 17. Qg4 Bf8 18. Ng6 Rh6 19. d4 d6 20. Rfd1 Nf7 21. Nxf8 Kxf8 22. dxc5 dxc5 23. Bf2 Ne7 24. Rd2 g6 25. Qe2 gxf5 26. exf5 Bxg2 27. Kxg2 Ng5 28. h4 Qc6+ 29. Kf1 Qh1+ 30. Bg1 Ne4 31. Qg2 Nxd2+ 32. Qxd2 Rxh4 33. Qd6 Rf4+ 34. Ke2 Qc6 35. Qxc6 Nxc6 36. Nd5 Rxf5 37. Bxc5+ Kf7 38. Rh1 Rg8 39. Be3 a5 40. Bh6 b4 41. Ne3 Ke6 42. Nxf5 Kxf5 43. Rf1+ Ke6 44. Kd3 Rg6 45. Bf8 f5 46. c4 Rg3+ 47. Kd2 f4 48. Rf2 a4 49. Rf1 b3 50. axb3 axb3 51. Re1 Kf5 52. Bd6 e4 53. Rf1 Rg2+ 54. Kc1 f3 55. Re1 Nd4 56. Bb4 0-1

[Event "Roncana op-A 9th"]
[Site "Santa Eulalia de Roncana"]
[Date "2015.10.31"]
[Round "4"]
[White "Castillo Martinez, Aran"]
[Black "Centelles Vivas, Aleix"]
[Result "0-1"]
[WhiteElo "1888"]
[BlackElo "2021"]
[PlyCount "42"]
[EventDate "2015.10.03"]
[EventType "swiss"]
[EventRounds "8"]
[EventCountry "ESP"]
[SourceTitle "EXT 2017"]
[Source "ChessBase"]
[SourceDate "2016.10.25"]
[SourceVersion "1"]
[SourceVersionDate "2016.10.25"]
[SourceQuality "1"]

1. d4 Nf6 2. Nf3 g6 3. c4 Bg7 4. Nc3 d6 5. e4 0-0 6. Bd3 Na6 7. a3 e5 8. dxe5 dxe5 9. Nxe5 Nxe4 10. Nxe4 Bxe5 11. Bh6 Re8 12. Qe2 f5 13. 0-0-0 fxe4 14. Bxe4 Qf6 15. b4 Bf4+ 16. Rd2 Bxh6 17. Rhd1 Qc3+ 18. Kb1 Bf5 19. Rd4 Rxe4 20. Rxe4 Bxe4+ 21. Qxe4 Qb3+ 0-1

[Event "Llinars del Valles op-B 8th"]
[Site "Llinars del Valles"]
[Date "2015.05.16"]
[Round "6"]
[White "Veciana Francesch, Josep"]
[Black "Castillo Martinez, Aran"]
[Result "1-0"]
[WhiteElo "1825"]
[BlackElo "1898"]
[PlyCount "63"]
[EventDate "2015.04.11"]
[EventType "swiss"]
[EventRounds "9"]
[EventCountry "ESP"]
[SourceTitle "EXT 2016"]
[Source "ChessBase"]
[SourceDate "2015.10.08"]
[SourceVersion "1"]
[SourceVersionDate "2015.10.08"]
[SourceQuality "1"]

1. e4 e5 2. Nf3 Nc6 3. Bb5 a6 4. Bxc6 dxc6 5. 0-0 Bg4 6. d3 Nf6 7. Nbd2 Bc5 8. c3 h5 9. b4 Ba7 10. Nc4 Nd7 11. h3 Qf6 12. Bg5 Qg6 13. h4 f6 14. Be3 Bh3 15. Ne1 Bg4 16. Nf3 b6 17. Ncd2 0-0-0 18. a4 Qh7 19. a5 Kb7 20. axb6 Bxb6 21. c4 Nb8 22. Qb3 g6 23. b5 cxb5 24. cxb5 a5 25. Bxb6 cxb6 26. Rxa5 bxa5 27. Ra1 Qc7 28. Nc4 Kc8 29. b6 Qb7 30. Nxa5 Qa6 31. Rc1+ Kd7 32. Rc7+ 1-0